00964nam a22002657a 4500003000900000005001700009008002900026020001500055040001800070082002300088245005300111260003400164300002700198490002300225500002400248590002600272650002400298650003600322700003200358910004000390942001200430952011600442952012300558999001700681DO-SdBPM20250520095307.0180216b20uu sp a 00| 0 spa d a8498060885 a bspacBPMSU 4a808.83bL697s 22203aEl libro de la selva /cilustraciones J.Busquets aMadrid :bTodolibro, c190-?. a16 p. :bil. ;c30 cm.0 aCuentos brillantes aLibro de pasta dura aInventariado, 2025/VM 4aCuentos infantiles  4aLibros ilustrados para niños 1 aBusquets, Jeilustraciones  aVMateo V. Control de calidad. BPMSU 2ddccBK 00102ddc40708CI-GaBPMETbBPMETd2018-02-16eFUNDIl0oxxxx xxxxpBPMSU18020163r2018-02-16w2018-02-16yBK 00102ddc40708CI-GaBPMETbBPMETd2025-05-20l0oBPMSU CGI 808.83 L697s pBPMSU25050042r2025-05-20w2025-05-20yBK c13303d13303